000 00267nam a2200109Ia 4500
008 200302s9999 xx 000 0 und d
100 _aJ Tart
245 _aLandscape Planning and Design vol II
260 _bJ Tart Publishing and Media
260 _c2012
300 _a351
999 _c3656
_d3656